00545nam a2200157Ia 4500008004100000100002700041245015600068260001100224300002100235440002600256521000900282650002800291650002500319650001600344650002700360140626s9999 xx 000 0 und d aMeschi, Pierre-Xavier. aDo firms forget about their past acquisitions? evidence from French acquisitions in the United States (1988-2006) /cPierre-Xavier Meschi ... [et al.]. cc2013. a39 : 2, page 469 aJournal of Management aBSBA aAcquisition experience. aAcquisition failure. aForgetting. aOrganizational memory.